Rubberwood-polymer composites based on methacrylic silane and methyl methacrylate (Record no. 47846)

MARC details
000 -LEADER
fixed length control field 00485nam a2200169Ia 4500
100 ## - MAIN ENTRY--AUTHOR NAME
Personal name Rozman H D
245 #0 - TITLE STATEMENT
Title Rubberwood-polymer composites based on methacrylic silane and methyl methacrylate
260 ## - PUBLICATION, DISTRIBUTION, ETC. (IMPRINT)
Name of publisher Journal of Tropical Forest Products
Year of publication 1997
300 ## - PHYSICAL DESCRIPTION
Number of Pages 227-237
500 ## - GENERAL NOTE
General note CAB CD 1998
650 ## - SUBJECT ADDED ENTRY--TOPICAL TERM
Topical Term Wood plastic composite
700 ## - ADDED ENTRY--PERSONAL NAME
Personal name Abusamah A
700 ## - ADDED ENTRY--PERSONAL NAME
Personal name Khalil H P S A
700 ## - ADDED ENTRY--PERSONAL NAME
Personal name Kumar R N
942 ## - ADDED ENTRY ELEMENTS (KOHA)
Koha item type Bibliography RLWO
Holdings
Withdrawn status Lost status Damaged status Not for loan Home library Current library Date acquired Serial Enumeration / chronology Koha item type
      Bibliography RRII Library RRII Library 31/12/2021 Volume 2, Issue 2 Bibliography RLWO